000 00319nam a2200121Ia 4500
005 20260326235446.0
008 260326s9999||||xx |||||||||||||| ||und||
100 _aDurieux, Phillippe
245 0 _aTécnicas de Construcción I /
_cPhillippe Durieux
260 _bTécnicos Asociados
650 _aTOPOGRAFÍA
942 _cBK
999 _c7602
_d7602